Normal view
MARC view
- Salahuddin Ahmad
Entry Personal Name
001 - CONTROL NUMBER
- control field: 86798
003 - CONTROL NUMBER IDENTIFIER
- control field: NUST
005 - DATE AND TIME OF LATEST TRANSACTION
- control field: 20211217110735.0
008 - FIXED-LENGTH DATA ELEMENTS
- fixed length control field: 211217|| aca||aabn | a|a d
040 ## - CATALOGING SOURCE
- Original cataloging agency: NUST
- Transcribing agency: NUST
100 ## - HEADING--PERSONAL NAME
- Personal name: Salahuddin Ahmad
670 ## - SOURCE DATA FOUND
- Source citation: Work cat.: (NUST)33176: Salahuddin Ahmad, Welder Coursebook, 2013.
